Large US Cities with Most Heavy Rainfalls - Statistics

General Stats
  • This quiz has been taken 70 times
  • The average score is 8 of 11
Answer Stats
# of days city % Correct
18.6 Miami
97%
14.6 Atlanta
86%
19.6 New Orleans
86%
15.0 Orlando
85%
13.6 New York
83%
14.2 Tampa
83%
15.1 Houston
80%
15.6 Jacksonville
78%
17.4 Memphis
61%
16.2 Birmingham
47%
13.2 Raleigh
46%
No matching quizzes found
Score Distribution
Percent of People with Each Score
Percentile by Number Answered
Your Score History
You have not taken this quiz